00589nam a2200169 i 450000100060000000300090000600500170001500700030003200800410003510000410007624500630011726000360018030000320021685200320024899900170028095201220029751802ES-MaACL20230906162436.0t|030819s1967 sp ||||1| spa d1 aDanyans de la Cinna, Eugenio.94267810aPlatillos volantes en la antigüedad / cEugenio Danyans. aBarcelona : bPomaire, c[1967] a262 p., 8 lám. ; c20 cm. aES-MaACLjC-33076 bR.63996 c51802d51802 00104070aATENEOMbATENEOMcDEPO2d2008-01-17eSCl0oC-33076p1054471r2023-02-23 00:00:00w2023-02-23yMONOGRAFIA